[Event "Pan American-ch U16"]
[Site "Guayaquil"]
[Date "2019.07.25"]
[Round "7"]
[White "Robles Mamani, Fabio Francisco"]
[Black "Leon Sol, Galo Augusto"]
[Result "1-0"]
[WhiteElo "1168"]
[BlackElo "1491"]
[PlyCount "71"]
[EventDate "2019.07.21"]
[EventType "swiss"]
[EventRounds "9"]
[EventCountry "ECU"]
[SourceTitle "EXT 2020"]
[Source "ChessBase"]
[SourceDate "2019.10.17"]
[SourceVersion "1"]
[SourceVersionDate "2019.10.17"]
[SourceQuality "1"]

1. e4 c5 2. Nf3 e6 3. d4 cxd4 4. Nxd4 a6 5. Bd3 Qc7 6. 0-0 Nc6 7. Nxc6 bxc6 8. c4 Nf6 9. Nc3 Be7 10. Be3 0-0 11. c5 e5 12. Rc1 d6 13. cxd6 Bxd6 14. Nd5 Nxd5 15. exd5 Qe7 16. Rxc6 Bb7 17. Rc4 Bxd5 18. Bxh7+ Kxh7 19. Qxd5 Rad8 20. Qe4+ Kg8 21. Ra4 f5 22. Qc4+ Rf7 23. Rxa6 f4 24. Ra7 Rd7 25. Qc8+ Rd8 26. Rxe7 Rxc8 27. Rxf7 Kxf7 28. Bd2 Rc2 29. Bc3 Kf6 30. a4 Bb8 31. Re1 g5 32. h3 Kf5 33. g4+ fxg3 34. fxg3 Ba7+ 35. Kh1 e4 36. Rf1+ 1-0